| 000 | 00592nam a22001937a 4500 | ||
|---|---|---|---|
| 003 | 0 | ||
| 005 | 20250107113628.0 | ||
| 008 | 250107b xxu||||| |||| 00| 0 eng d | ||
| 020 | _a9798888363522 | ||
| 050 |
_aHD 69 _b.F69 2024 |
||
| 100 |
_aFowler, Tyson _eauthor. |
||
| 245 |
_aEffective project management / _cTyson Fowler. |
||
| 260 |
_aNew York, NY : _bLarsen & Keller, _c2024. |
||
| 300 |
_aviii, 239 p. : _bill. ; _c27 cm. |
||
| 504 | _aIncludes bibliographical references and index. | ||
| 650 | _aProject management. | ||
| 650 |
_aProject management _vMethodology. |
||
| 942 |
_2lcc _cBK |
||
| 999 |
_c366899 _d366899 |
||